Annex 2002 del Centre de Documentació i Educació Ambiental
Publicado:
Terrassa :
Centre de Documentació i Educació Ambiental, Centre de Documentació del Parc Natural de Sant Llorenç del Munt i l'Obac, Agència de Serveis Energètics, Ajuntament de Terrassa ,
2003
Descripción Física:
73 p. ; 29 cm
MARC
| LEADER | 00000nam a2200000Ia 4500 | ||
|---|---|---|---|
| 001 | 21422 | ||
| 008 | 160829s2003 xx 000 0 cat d | ||
| 080 | |a A-2-363 | ||
| 245 | |a Annex 2002 del Centre de Documentació i Educació Ambiental | ||
| 260 | |a Terrassa : |b Centre de Documentació i Educació Ambiental, Centre de Documentació del Parc Natural de Sant Llorenç del Munt i l'Obac, Agència de Serveis Energètics, Ajuntament de Terrassa, |c 2003 | ||
| 300 | |a 73 p. ; |c 29 cm | ||
| 650 | |a Terrassa. Centre de Documentació i Educació Ambiental |x Catàleg |9 44518 | ||
| 650 | |a Medi ambient |x Bibliografia |9 44519 | ||
| 700 | |a Terrassa. Centre de Documentació i Educació Ambiental |9 44520 | ||
| 700 | |a Centre de Documentació del Parc Natural de Sant Llorenç de Munt i l'Obac |9 44521 | ||
| 700 | |a Terrassa. Agència de Serveis Energètics |9 44524 | ||
| 710 | 1 | |a Terrassa (Catalunya). |b Ajuntament |9 51450 | |
| 901 | |a Arxiu | ||
| 942 | |n 1 | ||
| 952 | |0 0 |1 0 |4 0 |6 A2363 |7 1 |9 51972 |a Arxiu |b Arxiu |d 2016-12-01 |l 0 |o A-2-363 |p 21422 |r 2016-12-01 00:00:00 |w 2016-12-01 |y ARXIU | ||
| 999 | |c 55819 |d 55819 | ||